01319nam a2200313Ia 4500001001200000003000800012006001900020007001500039008004100054020001800095020001500113040002100128035002100149050002600170082001600196100002000212245017500232260008100407300004200488533015200530546001300682650001500695650005200710650005000762655002900812700002100841710001700862856012600879ebr10007022CaPaEBRm u cr cn|||||||||010828s2002 mauf s 000 0 eng d z9780080476285 z1928994679 aCaPaEBRcCaPaEBR a(OCoLC)55932128514aTJ211.15b.M37 2002eb04a629.8922221 aFerrari, Mario.10aBuilding robots with Lego Mindstormsh[electronic resource] :bthe ultimate tool for Mindstorms maniacs /cMario Ferrari, Giulio Ferrari ; Ralph Hempel, Technical editor. aRockland, Mass. :bSyngress Media ;aLondon :bInternational Thomson,c2002. axxxii, 614 p., 8 p. of plates :bill. aElectronic reproduction.bPalo Alto, Calif. :cebrary,d2013.nAvailable via World Wide Web.nAccess may be limited to ebrary affiliated libraries. aEnglish. 0aLEGO toys. 0aRobotsxDesign and constructionvPopular works. 0aRobotsxDesign and constructionxProgramming. 7aElectronic books.2local1 aFerrari, Giulio.2 aebrary, Inc.40uhttp://site.ebrary.com/lib/rucke/Doc?id=10007022zAn electronic book accessible through the World Wide Web; click to view